000 00549nam a2200205 a 4500
001 765
003 CO-ViMGA
008 141112s2004 ck r 000 u spa d
040 _aCO-ViMGA
_bspa
_cCO-ViMGA
082 0 4 _aCo863.2 I711m
100 1 _aIsaacs, Jorge,
245 1 0 _aMaría
260 _aSantafé de Bogotá :
_bNorma,
_c1997
300 _a330, 96 p.
490 _aCara y cruz
500 _aEncuadernado con A propósito de Jorge Isaacs y su obra.
590 _aEjemplares : 4
650 1 4 _aNOVELA COLOMBIANA
_91193
942 _2ddc
_cBK
999 _c13002
_d13002